000 00848cam a2200301 4500500
005 20260405003556.0
041 _afre
042 _adc
100 1 0 _aEltchaninoff, Michel
_eauthor
245 0 0 _aComment nous sommes devenus goinfres
260 _c2022.
500 _a11
690 _aCapitalisme
690 _achristianisme
690 _aDurkheim
690 _aExcès
690 _aHenry David Thoreau
690 _aIvan Illich
690 _aJean-Jacques Rousseau
690 _aLeibniz
690 _aMichel Eltchaninoff
690 _aModération
690 _aSobriété
690 _aStoïcisme
690 _aTechnique
786 0 _nPhilosophie magazine | 163 | 10 | 2022-10-01 | p. 28-30 | 1951-1787
856 4 1 _uhttps://shs.cairn.info/magazine-philosophie-magazine-2022-10-page-28?lang=fr&redirect-ssocas=7080
999 _c2068902
_d2068901